| 000 | 00959nam a2200253 a 4500 | ||
|---|---|---|---|
| 001 | 000010376 | ||
| 005 | 20240412074217.0 | ||
| 008 | 091006s1976 dr c r 000 p spa d | ||
| 040 |
_aDO-SdBNP _bspa _cBNPHU |
||
| 082 |
_aRD861.42 _bG216p |
||
| 100 | 1 |
_aGarcía Godoy, Emilio, _d1894-1969 _925385 |
|
| 245 | 1 | 0 |
_aPoesías / _cEmilio García Godoy ; introducción Bruno Rosario Candelier. |
| 260 |
_aSanto Domingo : _bEditora del Caribe, _c1976. |
||
| 300 |
_a134 p. : _bretr. ; _c21 cm. |
||
| 500 | _aIncluye datos biográficos del autor | ||
| 500 | _aIncluye referencias bibliográficas y notas al pie de las páginas | ||
| 500 | _aEdición postuma - 1976 | ||
| 590 | _aInventariado 2018/VM | ||
| 600 | 1 | 4 |
_aGARCIA-GODOY, EMILIO _d1894-1969 _xCRÍTICA Y INTERPRETACIÓN _925386 |
| 650 | 0 |
_aPoesía dominicana _966 |
|
| 650 | 0 |
_aLiteratura dominicana. _967 |
|
| 700 | 1 | 2 |
_aRosario Candelier, Bruno, _d1941- _9851 |
| 910 | _aValidado. Control de calidad. MFF | ||
| 999 |
_c10135 _d10135 |
||